000 01312nab a22002657a 4500
999 _c5655
_d5655
003 OSt
005 20251226105206.0
008 190429b xxu||||| |||| 00| 0 spa d
040 _cPJ
100 _96618
_aTugnoli, María Fernanda
245 1 3 _aEl interés superior del niño y el rol del defensor de niños, niñas y adolescentes en las detenciones domiciliarias /
_cMaría Fernanda Tugnoli, María Guadalupe Barone.
260 _cCiudad Autónoma de Buenos Aires :
_aThomson Reuters La Ley,
_b2025.
300 _ap. 143-148
500 _aCita: TR LALEY AR/DOC/1913/2025.
505 _aSumario: I. Introducción.— II. Acuerdo parcial.— III. Juicio parcial.— IV. Antecedentes jurisprudenciales.— V. Conclusiones.
505 _tSi te interesa el texto completo, solicitalo a koha@justierradelfuego.gov.ar
650 0 _9967
_aDERECHO DE FAMILIA
650 0 _94097
_aINTERES SUPERIOR DEL NIÑO
650 0 _92741
_aDERECHOS DE LAS NIÑAS, NIÑOS Y ADOLESCENTES
650 0 _94065
_aPRISION DOMICILIARIA
650 0 _92208
_aPENA PRIVATIVA DE LA LIBERTAD
700 _96619
_aBarone, María Guadalupe
_ecoautor
773 0 _02658
_93164
_tRevista de derecho penal y criminología. Nº 8 - Septiembre 2025
_dCiudad Autónoma de Buenos Aires : Thomson Reuters La Ley, 2017-
_x00347914
942 _2udc
_cANA